000 00907nam a22002657a 4500
999 _c63511
_d63511
005 20240530110645.0
008 171108s2013 ua f 000 0 ara d
017 _a2013/19231
_bمصر. دار الكتب
020 _a9789770278758
040 _aEG-CaGPL
_cEG-CaGPL
082 0 4 _221
_a962.391 /
_bق/ع س
100 0 _aعبده مباشر
245 1 0 _aسيناء :
_bالموقع والتاريخ /
_cعبده مباشر ، اسلام توفيق
250 _aط.2
260 _aالقاهرة :
_bدار المعارف ،
_c2013.
300 _a224 ص. ؛
_c24 سم.
650 _2qrmak
651 0 4 _2qrmak
_aسيناء
651 0 4 _2qrmak
_aسيناء
_xتاريخ
651 0 4 _2qrmak
_aسيناء
_xالاحتلال
651 0 4 _2qrmak
_aسيناء
_xجغرافيا
700 0 _aاسلام توفيق
_eمؤلف مشارك
942 _2ddc
_cBK